Responsabilidad del Estado (Registro nro. 21880)
[ vista simple ]
| 000 -ENCABEZADO | |
|---|---|
| Número de control [NR] | 00702nam a2200193Ia 4500 |
| 008 - DE LONGITUD FIJA DE DATOS DE ELEMENTOS - INFORMACIÓN GENERAL | |
| Elementos de longitud fija [NR] | 130821s1973 ag gr spa |
| 040 ## - FUENTE DE CATALOGACION [NR] | |
| Agencia de catalogación original [NR] | Co-BoUCM |
| Idioma de catalogación [NR] | spa |
| 041 00 - CODIGO DE IDIOMA [R] | |
| Código de idioma para texto/pista de sonido o título separado [R] | Español |
| 100 1# - ASIENTO PRINCIPAL--NOMBRE PERSONAL [NR] | |
| Nombre personal [NR] | Altamira Gigena, Julio Isidro |
| ID Autoridad | 102592 |
| 245 10 - MENCION DE TITULO [NR] | |
| Título [NR] | Responsabilidad del Estado |
| Mención de responsabilidad, etc. [NR] | Julio I. Altamira Gigena ; Prólogo de Manuel María Diez. |
| 260 ## - PUBLICACION, DISTRIBUCION, ETC. (PIE DE IMPRENTA) [R] | |
| Lugar de publicación, distribución, etc. [R] | Buenos Aires (Argentina) |
| Nombre del editor, distribuidor, etc. [R] | Astrea |
| Fecha de publicación, distribución, etc. [R] | 1973 |
| 300 ## - DESCRIPCION FISICA [R] | |
| Extensión [R] | 191 páginas |
| 504 ## - NOTA DE BIBLIOGRAFIA, ETC. [R] | |
| Nota de bibliografía, etc. [NR] | |
| 650 04 - ASIENTO SECUNDARIO DE MATERIA - TERMINO TEMATICO [R] | |
| Término temático o nombre geográfico como elemento de entrada [NR] | Derecho administrativo |
| 9 (RLIN) | 12695 |
| 650 04 - ASIENTO SECUNDARIO DE MATERIA - TERMINO TEMATICO [R] | |
| Término temático o nombre geográfico como elemento de entrada [NR] | Derecho administrativo |
| Subdivisión geográfica [R] | Argentina |
| 9 (RLIN) | 102512 |
| 650 04 - ASIENTO SECUNDARIO DE MATERIA - TERMINO TEMATICO [R] | |
| 9 (RLIN) | 23675 |
| Término temático o nombre geográfico como elemento de entrada [NR] | Responsabilidad del Estado |
| Subdivisión geográfica [R] | Argentina |
| 942 ## - ELEMENTOS DE ENTRADA AGREGADOS (KOHA) | |
| Tipo de ítem principal el descrito en 300a | Libro |
| Sistema de clasificación | DEWEY |
| Tema principal | Derecho |
| Edición | 1 |
| Clasificación | 342.088 |
| Parte restante de la signatura top. | A57 |
| Fecha de último préstamo | Total préstamos | Signatura topográfica | Código de barras | Última vez visto | Ejemplar | Price effective from | Tipo de ítem | Perdido | Sistema de clasificación | Dañado | No prestable | Tipo de ítem específico | Suprimido | Ubicación habitual | Ubicación actual | Localización | Fecha de creación | Forma de adquisición | Costo | Costo de reposición | Proveedor |
|---|---|---|---|---|---|---|---|---|---|---|---|---|---|---|---|---|---|---|---|---|---|
| 21/04/2010 | 10 | 342.088 A57 | 100043463 | 12/06/2026 | Ej.1 | 03/02/2013 | Libro de reserva | DEWEY | Libro de reserva | Claustro | Claustro | 3er piso | 28/02/2003 | Compra | 85000.00 | ||||||
| 342.088 A57 | 100163574 | 06/12/2024 | Ej.2 | 03/09/2019 | Libro | DEWEY | Libro | BodegaJK | Claustro | Préstamo 2 días después de solicitado | 03/09/2019 | Donación | 0.00 | 26000.00 | 12 |